000
00276nam a22001217a 4500
008
171101b xxu||||| |||| 00| 0 eng d
041
_a
eng
080
_2
5TH
_a
33
100
_a
59
101
_a
BUS
245
_a
PRINCIPLES OF ENGINEERING ECONOMY
_c
GRANT.E.L
942
_2
udc
_c
BK
999
_c
37030
_d
37030